书目信息 |
| 题名: |
化学基础实验
|
|
| 作者: | 宗汉兴 主编 | |
| 分册: | ||
| 出版信息: | 杭州 浙江大学出版社 2000.03 |
|
| 页数: | 186页 | |
| 开本: | 16开 | |
| 丛书名: | ||
| 单 册: | ||
| 中图分类: | O6-33 | |
| 科图分类: | ||
| 主题词: | 化学实验 | |
| 电子资源: | ||
| ISBN: | 7-308-02257-9 | |
| 000 | 00543nam0 2200193 45 | |
| 001 | 0010071723 | |
| 005 | 20001007173507.4 | |
| 010 | @a7-308-02257-9@d18.00元 | |
| 100 | @a20001007d2000 km y0chiy0120 ea | |
| 101 | 0 | @achi |
| 105 | @a z 000yy | |
| 200 | 1 | @a化学基础实验@AHua Xue Ji Chu Shi Yan@f宗汉兴主编@FZong Han Xing Zhu Bian |
| 210 | @a杭州@c浙江大学出版社@d2000.03 | |
| 215 | @a186页@d16开 | |
| 606 | 0 | @a化学实验 |
| 690 | @aO6-33@v3 | |
| 701 | 0 | @a宗汉兴@4主编 |
| 801 | @aCN@bPftUser@c20001007 | |
| 905 | @b171988-992@dO6-33@eZ888@f5 | |
| 化学基础实验/宗汉兴主编.-杭州:浙江大学出版社,2000.03 |
| 186页;16开 |
| ISBN 7-308-02257-9:18.00元 |
| ● |
| 相关链接 |
|
|
|
正题名:化学基础实验
索取号:O6-33/Z888
 
预约/预借
| 序号 | 登录号 | 条形码 | 馆藏地/架位号 | 状态 | 备注 |
| 1 | 171988 | 201719881 | 自科库401/401自科库 61排2列4层/ [索取号:O6-33/Z888] | 在馆 | |
| 2 | 171989 | 201719890 | 自科库401/401自科库 61排2列4层/ [索取号:O6-33/Z888] | 在馆 | |
| 3 | 171990 | 201719907 | 自科库401/401自科库 61排2列4层/ [索取号:O6-33/Z888] | 在馆 | |
| 4 | 171991 | 201719916 | 自科库401/401自科库 61排2列4层/ [索取号:O6-33/Z888] | 在馆 | |
| 5 | 171992 | 201719925 | 自科库401/401自科库 61排2列4层/ [索取号:O6-33/Z888] | 在馆 |